Catálogo de los impresos del siglo XVI de la Biblioteca Pública del Estado, Toledo / (Registro nro. 15400)
[ vista simple ]
| 000 -CABECERA | |
|---|---|
| campo de control de longitud fija | 00790cam a2200217 a 4500 |
| 001 - NÚMERO DE CONTROL | |
| campo de control | 000015857 |
| 003 - IDENTIFICADOR DEL NÚMERO DE CONTROL | |
| campo de control | DO-SdBNP |
| 005 - FECHA Y HORA DE LA ÚLTIMA TRANSACCIÓN | |
| campo de control | 20240417104241.0 |
| 008 - DATOS DE LONGITUD FIJA--INFORMACIÓN GENERAL | |
| campo de control de longitud fija | 941222m19932007sp a bc f001 0 spa |
| 020 ## - NÚMERO INTERNACIONAL ESTÁNDAR DEL LIBRO | |
| Número Internacional Estándar del Libro | 8481811009 (obra completa) |
| 040 ## - FUENTE DE LA CATALOGACIÓN | |
| Centro catalogador/agencia de origen | DO-SdBNP |
| Lengua de catalogación | spa |
| Centro/agencia transcriptor | BNPHU |
| 082 ## - NÚMERO DE LA CLASIFICACIÓN DECIMAL DEWEY | |
| Número de clasificación | 094.2 |
| Número de documento/Ítem | M538c |
| Número de edición | 22 |
| 100 1# - ENTRADA PRINCIPAL--NOMBRE DE PERSONA | |
| Nombre de persona | Méndez Aparicio, Julia |
| 9 (RLIN) | 35689 |
| 245 10 - MENCIÓN DE TÍTULO | |
| Título | Catálogo de los impresos del siglo XVI de la Biblioteca Pública del Estado, Toledo / |
| Mención de responsabilidad, etc. | Julia Méndez Aparicio. |
| 260 ## - PUBLICACIÓN, DISTRIBUCIÓN, ETC. | |
| Lugar de publicación, distribución, etc. | [Toledo] : |
| Nombre del editor, distribuidor, etc. | Junta de Comunidades de Castilla-La Mancha, |
| Fecha de publicación, distribución, etc. | 1993-<2007. |
| 300 ## - DESCRIPCIÓN FÍSICA | |
| Extensión | v. <1-4> : |
| Otras características físicas | il. ; |
| Dimensiones | 25 cm. |
| 500 ## - NOTA GENERAL | |
| Nota general | Incluye índices. |
| 504 ## - NOTA DE BIBLIOGRAFÍA, ETC. | |
| Nota de bibliografía, etc. | La biblioteca posee el volumen 4. |
| 610 24 - PUNTO DE ACCESO ADICIONAL DE MATERIA--NOMBRE DE ENTIDAD CORPORATIVA | |
| Nombre de entidad corporativa o nombre de jurisdicción como elemento de entrada | Biblioteca Pública del Estado (Toledo, España) |
| Subdivisión de forma | Catalogos |
| 9 (RLIN) | 85262 |
| 942 ## - ELEMENTOS DE PUNTO DE ACCESO ADICIONAL (KOHA) | |
| Fuente del sistema de clasificación o colocación | Dewey Decimal Classification |
| Tipo de ítem Koha | Libro |
| Estado de retiro | Estado de pérdida | Restricciones de uso | No para préstamo | Código de colección | Localización permanente | Ubicación/localización actual | Ubicación en estantería | Fecha de adquisición | Número de inventario | Total de préstamos | Signatura topográfica completa | Código de barras | Fecha visto por última vez | Precio válido a partir de | Tipo de ítem Koha |
|---|---|---|---|---|---|---|---|---|---|---|---|---|---|---|---|
| Monografías: Libros y Folletos | General | General | En catalogación | 19.02.2010 | LF1 | v.4 | 15857-10 | 25.06.2020 | 25.06.2020 | Préstamo en sala | |||||
| Monografías: Libros y Folletos | Patrimonio Dominicano | Patrimonio Dominicano | Orden iniciada | 24.04.2017 | LF1 | 094.2 M538c | 15857-20 | 25.06.2020 | 25.06.2020 | No se presta |
